| 000 | 00619nam a22001937a 4500 | ||
|---|---|---|---|
| 005 | 20240909122050.0 | ||
| 010 | _aENG-141690 | ||
| 020 |
_a9789380335803 _c225.00 |
||
| 035 | _aEN-125222 | ||
| 037 | _bDBAD | ||
| 082 | _a230.3 | ||
| 100 |
_aRajagopalachari Parthasarathi _971310 |
||
| 245 |
_aHeart Speak 2002/ _cParthasarathi Rajagopalachari |
||
| 260 |
_aKolkata _bSpiritual Hierarchy Publication Trust ''Divine Bliss'' _c2011 |
||
| 270 |
_aNorth Block, 2/3, Judges Court Road, _bKolkata _e700027 |
||
| 300 |
_acxv,=190p. _c22cm.(Pb) _b,ill |
||
| 490 | _v1 | ||
| 942 |
_2ddc _cEN _h230.3 _mRAJ |
||
| 999 |
_c205707 _d205707 |
||